Crisis empresaria y relaciones laborales /

Guardado en:
Otros Autores: García Vior, Andrea, (coord.)
Formato: Desconocido
Idioma:Spanish
Publicado: Buenos Aires : Errepar, 2013.
Edición:1a. ed.
Series:Colección temas de derecho laboral ; 20
Materias:
Etiquetas: Agregar Etiqueta
Sin Etiquetas, Sea el primero en etiquetar este registro!
LEADER 00550nac a22001695a 4500
001 DER.der014127
008 190920i2013####ag#||||||||||||||#||spa||
005 20251111114759.0
245 1 0 |a Crisis empresaria y relaciones laborales /  |c coordinado por Andrea García Vior. 
250 |a 1a. ed. 
260 |a Buenos Aires :  |b Errepar,  |c 2013. 
300 |a 440 p. 
490 0 |a Colección temas de derecho laboral ;  |v 20 
020 |a 9789870115571 
700 1 |a García Vior, Andrea,  |e coord. 
650 7 |a DERECHO LABORAL 
859 |a DERECHO  |b BIB. DERECHO  |h 344.01  |i CRI  |p 009411